Pays d'Asie dans leur langues d'origines - Statistiques

Statistiques générales
  • Ce quiz a été pris 105 fois
  • Le résultat moyen est 18 sur 48
Statistiques - réponses
Hint Réponse % Correct
대한민국 Corée du Sud
88%
Indonesia Indonésie
88%
Türkiye Turquie
84%
Việt Nam Viêt Nam
83%
Türkmenistan Turkménistan
82%
Azərbaycan Azerbaïdjan
79%
Pilipinas Philippines
76%
O'zbekiston Ouzbékistan
75%
Timor Leste Timor oriental
72%
Singapore Singapour
71%
日本 Japon
64%
북한 Corée du Nord
62%
Қазақстан Kazakhstan
59%
中国 Chine
55%
المملكة العربية السعودية Arabie Saoudite
54%
Кыргызстан Kirghizistan
51%
Монгол Mongolie
39%
台湾 Taïwan
36%
افغانستان Afghanistan
34%
יִשְׂרָאֵל Israël
34%
Точикистон Tadjikistan
33%
الإمارات العربية المتحدة Émirats arabes unis
32%
اليمن Yémen
32%
العراق Irak
29%
ایران Iran
29%
ประเทศไทย Thaïlande
29%
საქართველოს Géorgie
26%
قطر Qatar
26%
Հայաստան Arménie
24%
Κύπρος Chypre
24%
नेपाल Népal
24%
भारत Inde
21%
বাংলাদেশ Bangladesh
20%
កម្ពុជា។ Cambodge
18%
البحرين Bahreïn
17%
ဗမာပြည် Birmanie
16%
الكويت Koweït
14%
ශ්‍රී ලංකාව Sri Lanka
14%
لبنان Liban
13%
الأردن Jordanie
12%
عمان Oman
12%
سوريا Syrie
12%
بروني Brunei
9%
مليسيا Malaisie
9%
پاکستان Pakistan
9%
ປະເທດລາວ Laos
8%
འབྲུག་རྒྱལ་ཡུལ། Bhoutan
7%
މޯލްޑިވްސް އެވެ Maldives
7%
Aucun quiz correspondant
Distribution des résultats
% des personnes avec chaque résultat
Percentile par nombre de réponses
Votre historique - résultats
Vous n’avez pas pris ce quiz